000 00451nam a22001337a 4500
005 20260323104903.0
008 260323b |||||||| |||| 00| 0 eng d
040 _cFLL
041 _2eng
_aeng
100 _aBasith, Abdul
_91137541
245 _aForced to Live the Life of A Prisoner
_bThe Life of Rohingya Women and Children in India and Protection from Forced Deportation and Refoulement
260 _aDU
_bFaculty of Law
_c2023
942 _2CC
_cDIS
999 _c1726345
_d1726345